Acto administrativo , ¡se busca! (Registro nro. 13723)

Detalles MARC
000 -LEADER
fixed length control field 00351 a2200121 4500
001 - CONTROL NUMBER
control field ART_29253
005 - DATE AND TIME OF LATEST TRANSACTION
control field 20260410161645.0
008 - FIXED-LENGTH DATA ELEMENTS--GENERAL INFORMATION
fixed length control field 260409a
100 1# - MAIN ENTRY--PERSONAL NAME
Personal name Gómez, Teresa
245 10 - TITLE STATEMENT
Title Acto administrativo , ¡se busca!
700 1# - ADDED ENTRY--PERSONAL NAME
Personal name Caranta, Martín R.
773 0# - HOST ITEM ENTRY
Title Consultor tributario
Related parts - Año 9, Nº 98 (abr. 2015)
Record control number REV474

No hay ítems disponibles.